000 00697nam a2200217Ii 4500
003 JO-AjNU
008 230605s9999||||xx |||||||||||||| ||und||
017 _a2008/7/2291
040 _aJO-AjNU
_bara
_erda
_cJO-AjNU
041 _aara
050 1 4 _aJF1358.A7.B5322.2009
100 3 _aبن حبتور ، عبد العزيز صالح,
_eauthor
_927767
245 0 0 _aمبادئ الإدارة العامة
250 _aط1
264 3 1 _aعمان : دار المسيرة ، 2009
300 _a584ص
336 _atext
_btxt
_2rdacontent
337 _aunmediated
_bn
_2rdamedia
338 _avolume
_bnc
_2rdacarrier
650 4 _aالادارة العامة -- إدارة الأفراد
_927768
999 _aA10690
_c14258
_d14258